Valorant franchied players - Statistics

General Stats
  • This quiz has been taken 148 times
  • The average score is 48 of 183
Answer Stats
Hint Answer % Correct
som
81%
PRX jing
78%
forsaken
77%
tenz
75%
mindfreak
66%
Benkai
63%
LOUD aspas
61%
boaster
60%
SEN sacy
60%
zekken
60%
DRX mako
59%
pancada
57%
buzz
56%
derke
56%
davai
55%
fns
55%
dep
54%
boo
53%
saadhak
53%
zellsis
53%
chronicle
52%
less
52%
alfajer
51%
NRG ardiis
51%
ban
51%
leo
51%
stax
51%
crashies
50%
rb
50%
KCORP scream
50%
victor
50%
yay
50%
100T asuna
49%
cryo
47%
TL nats
47%
cned
44%
xeppa
44%
zest
44%
boostio
43%
com
43%
jamppi
43%
C9 leaf
43%
vanity
43%
angel
41%
ethan
41%
nivera
41%
dephh
40%
king
40%
suygetsu
40%
tuyz
40%
bang
39%
derrek
39%
jawgemo
39%
sugarzero
39%
foxy
38%
T1 sayaplayer
38%
NAVI shao
37%
redgar
36%
sayf
36%
texture
36%
munchkin
35%
stellar
35%
zyppan
35%
laz
34%
soulcas
34%
LEV keznit
33%
mazin
33%
shy
33%
kingg
32%
EG bcj
31%
sick
29%
GE skrossi
27%
shin
26%
xms
26%
FUT atakaptan
25%
ayrin
25%
mwzera
25%
carpe
24%
mazino
24%
meteor
24%
twisten
24%
crws
23%
KRU melser
22%
mixwell
22%
tacolilla
22%
xeta
22%
cigarettes
21%
cloud
21%
qck
21%
jessievash
21%
tenn
21%
furia dgzin
20%
mrfalin
20%
newzera
20%
bonecold
19%
Zeta crow
19%
fitinho
19%
jitboys
19%
klaus
19%
patiphan
19%
sheydos
19%
Talon sushiboys
19%
mibr heat
18%
trexx
18%
jremy
17%
lightningfast
17%
zeek
17%
apoth
16%
avova
16%
cender
16%
dubstep
16%
invy
16%
khalil
16%
GIA nukkye
16%
qraxs
16%
starxo
16%
bazzi
15%
cauazin
15%
destrian
14%
foxz
14%
hoody
14%
VIT molsi
14%
2ge
13%
garnets
13%
TH keloqz
13%
KOI koldamenta
13%
FNC mistic
13%
qw1
13%
borkum
12%
brave
12%
frz
12%
nagzet
12%
reformed
12%
rhyme
12%
suggest
12%
wronski
12%
daveeys
11%
jzz
11%
lmemore
10%
mojj
10%
muj
10%
qutionerx
10%
ts
10%
turko
10%
wolfen
10%
eko
9%
intro
9%
muriz
9%
qpert
9%
rglm
9%
seoldam
9%
tehbotol
9%
thwifo
9%
xand
9%
axeddy
8%
dimasick
8%
elite
8%
takej
8%
konan
7%
ejay
6%
xnfri
6%
DNG anthem
5%
BBL aslan
5%
barce
5%
RRQ emman
5%
frod
5%
TS lenne
5%
reita
5%
GENG Secret
5%
moneyet
4%
txozin
4%
weber
4%
aimdll
2%
famsii
2%
gorilla
2%
jamezirl
2%
lateks
2%
russz
2%
zelsh
2%
beomjun
1%
fabre
1%
flipzjderflipzider
1%
nowzernzr
1%
No matching quizzes found
Score Distribution
Percent of People with Each Score
Percentile by Number Answered
Your Score History
You have not taken this quiz